[Event "Pula op"]
[Site "Pula"]
[Date "1996.??.??"]
[Round "?"]
[White "Kos, Toni"]
[Black "Sale, Srdjan"]
[Result "1-0"]
[WhiteElo "2270"]
[BlackElo "2440"]

1.e4 c5 2.c3 Nf6 3.e5 Nd5 4.d4 cxd4 5.Nf3 d6 6.cxd4 Nc6 7.Bc4 e6 8.O-O Be7
9.Qe2 O-O 10.Qe4 Bd7 11.Bd3 f5 12.exf6 Nxf6 13.Qe2 Qe8 14.Nc3 Qh5 15.Bf4 Nd5
16.Nxd5 Qxd5 17.Bc4 Qf5 18.Bg3 Rfe8 19.Rfe1 Bf8 20.Qd2 Qa5 21.Qf4 Nd8 22.Re2 Rc8
23.Bb3 Ba4 24.Bxa4 Qxa4 25.b3 Qc6 26.Rae1 Qd5 27.h3 h6 28.Qg4 Kh7 29.h4 g6
30.Nd2 Qf5 31.Qxf5 gxf5 32.Nc4 Nc6 33.Bxd6 Nxd4 34.Rd2 Bg7 35.Be5 Bxe5 36.Nxe5 Red8
37.Red1 Ne2+ 38.Kh2 Rd5 39.Rxd5 exd5 40.Rxd5 Rc7 41.Rd2 Nc3 42.f3 Re7 43.Nc4 b5
44.Nd6 Kg6 45.a3 a6 46.Rc2 Re3 47.Nb7 f4 48.Rd2 Ne2 49.Nc5 Kh5 50.Rd6 a5
51.a4 b4 52.Nd3 Kxh4 53.Rd5 h5 54.Ne5 Rxe5 55.Rxe5 Nc3 56.Rxa5 Nd5 57.Rb5 Ne3
58.Rxb4 Nf1+ 59.Kg1 Nd2 60.Rb6 Kg3  1-0

[Event "Pula op"]
[Site "Pula"]
[Date "1996.??.??"]
[Round "?"]
[White "Kos, Toni"]
[Black "Jukic, Branimir"]
[Result "0-1"]
[WhiteElo "2270"]
[BlackElo "2390"]

1.e4 c5 2.c3 Nf6 3.e5 Nd5 4.d4 cxd4 5.Nf3 d6 6.Bc4 Nb6 7.Bb3 d5 8.Qxd4 Bf5
9.Nbd2 Nc6 10.Qf4 e6 11.O-O Be7 12.Re1 O-O 13.g4 Bg6 14.h4 f6 15.exf6 Rxf6
16.Qe3 Qf8 17.h5 Be4 18.Nd4 Nxd4 19.cxd4 Rf4 20.f3 Bxf3 21.Qxe6+ Kh8 22.Nxf3 Rxf3
23.Qe2 Qf6 24.Qg2 Rf8 25.Bd1 Rf2 26.Qh3 Bb4 27.Re5 Rf1+  0-1

[Event "Pula op"]
[Site "Pula"]
[Date "1996.??.??"]
[Round "?"]
[White "Pavasovic, Dusko"]
[Black "Fucak, Emilijo"]
[Result "1-0"]
[WhiteElo "2425"]
[BlackElo "2300"]

1.e4 c5 2.c3 Nf6 3.e5 Nd5 4.d4 cxd4 5.Nf3 e6 6.cxd4 b6 7.Nc3 Nxc3 8.bxc3 d5
9.Bd3 Be7 10.Qe2 a5 11.Rb1 Ba6 12.Bb5+ Bxb5 13.Qxb5+ Nd7 14.O-O O-O 15.Nd2 a4
16.f4 g6 17.g4 Qc7 18.f5 Rfc8 19.Rf3 gxf5 20.gxf5 Kh8 21.Qd3 Rg8+ 22.Kh1 exf5
23.Nf1 Rg6 24.Ng3 f6 25.Nxf5 Rag8 26.Bf4 Nxe5 27.Nxe7 Qxe7 28.dxe5 fxe5 29.Re3 Re6
30.Rxe5  1-0

[Event "Pula op"]
[Site "Pula"]
[Date "1996.??.??"]
[Round "?"]
[White "Sermek, Drazen"]
[Black "Kozul, Zdenko"]
[Result "1-0"]
[WhiteElo "2535"]
[BlackElo "2580"]

1.e4 c5 2.c3 Nf6 3.e5 Nd5 4.d4 cxd4 5.Nf3 e6 6.cxd4 d6 7.Bc4 Be7 8.O-O O-O
9.Qe2 Bd7 10.Qe4 Nb4 11.exd6 Bf6 12.Ne5 Bc6 13.Nxc6 N8xc6 14.a3 Na5 15.Bxe6 Nbc6
16.Ba2 Nxd4 17.Nc3 Nab3 18.Rb1 Qxd6 19.Bxb3 Nxb3 20.Qxb7 Nxc1 21.Rfxc1 Be5
22.g3 Rab8 23.Qxa7 Bd4 24.Rd1 Rfd8 25.Qa4 Qc5 26.Qc2 h5 27.Rd2 h4 28.Rbd1 h3
29.Qe4 f5 30.Qh4 Bxf2+ 31.Rxf2 Rxd1+ 32.Nxd1 Re8 33.Qxh3 Re1+ 34.Kg2 Qc6+
35.Rf3 Qc2+ 36.Nf2 Qe2 37.g4 Qc4 38.gxf5 Qc1 39.Rc3 Rg1+ 40.Kf3 Qg5 41.Rc8+  1-0

[Event "Pula op"]
[Site "Pula"]
[Date "1996.??.??"]
[Round "?"]
[White "Sermek, Drazen"]
[Black "Radocaj, Denis"]
[Result "1-0"]
[WhiteElo "2535"]
[BlackElo "2330"]

1.e4 c5 2.c3 Nf6 3.e5 Nd5 4.Nf3 Nc6 5.d4 cxd4 6.cxd4 d6 7.Bc4 e6 8.O-O Be7
9.Qe2 O-O 10.Qe4 Bd7 11.Bd3 g6 12.Bh6 Re8 13.a3 f5 14.exf6 Nxf6 15.Qf4 Nh5
16.Qe3 Bf6 17.Nc3 d5 18.g4 Ng7 19.h3 Nxd4 20.Nxd4 e5 21.Nxd5 exd4 22.Qg3 Be5
23.f4 Bc6 24.Nb4 Bf6 25.Nxc6 bxc6 26.f5 g5 27.Bc4+ Kh8 28.Rf3 Be5 29.f6 Bxf6
30.Raf1 Re3 31.Qf2 Rxf3 32.Qxf3 Qd6 33.Kg2 Rf8 34.Bxg5 Ne8 35.Bh6 Ng7 36.Qe4 Be7
37.Bf4 Qd8 38.Rf3 Ne8 39.Be5+ Nf6 40.g5  1-0

[Event "Pula op"]
[Site "Pula"]
[Date "1996.??.??"]
[Round "?"]
[White "Susak, Zeljko"]
[Black "Sermek, Drazen"]
[Result "0-1"]
[WhiteElo "2235"]
[BlackElo "2535"]

1.e4 c5 2.c3 Nf6 3.e5 Nd5 4.d4 cxd4 5.Nf3 e6 6.cxd4 b6 7.Nc3 Nxc3 8.bxc3 Qc7
9.Bd2 Bb7 10.Bd3 d6 11.O-O Nd7 12.Ng5 dxe5 13.Qh5 g6 14.Qh3 Be7 15.Rfe1 a6
16.Rac1 Bxg5 17.Bxg5 f5 18.f4 O-O 19.fxe5 Rae8 20.Bf4 b5 21.c4 Qa5 22.d5 bxc4
23.dxe6 Nb6 24.Red1 Nd5 25.Bxc4 Qb6+ 26.Kf1 Nxf4 27.e7+ Kh8 28.exf8=Q+ Rxf8
29.Qg3 Bxg2+ 30.Ke1 Qg1+ 31.Kd2 Qd4+ 32.Ke1 Qe4+ 33.Kd2 Rd8+ 34.Kc3 Qxe5+
35.Kc2 Be4+ 36.Bd3 Bxd3+  0-1

[Event "Regensburg op"]
[Site "Regensburg"]
[Date "1996.??.??"]
[Round "7"]
[White "Werner, Isabel"]
[Black "Wells, Peter K"]
[Result "0-1"]
[WhiteElo "2145"]
[BlackElo "2495"]

1.e4 c5 2.c3 Nf6 3.e5 Nd5 4.d4 cxd4 5.Nf3 b6 6.cxd4 e6 7.Nc3 Nxc3 8.bxc3 Qc7
9.Bd2 d6 10.Bd3 Bb7 11.O-O Nd7 12.Re1 dxe5 13.Nxe5 Nxe5 14.Rxe5 Bd6 15.Rh5 g6
16.Rh3 Qc6 17.Qf1 O-O 18.f3 e5 19.Qe1 exd4 20.Qh4 h5 21.cxd4 Rfe8 22.Rc1 Qd7
23.Bh6 Be7 24.Qf4 Rad8 25.Rc7 Qxd4+ 26.Qxd4 Rxd4 27.Bb5 Bd6 28.Rxb7 Bc5  0-1

[Event "Reykjavik op"]
[Site "Reykjavik"]
[Date "1996.??.??"]
[Round "2"]
[White "Pinkus, Lutz"]
[Black "Gustafson, Dale L"]
[Result "1-0"]
[WhiteElo "2185"]
[BlackElo "2090"]

1.e4 c5 2.c3 Nf6 3.e5 Nd5 4.d4 cxd4 5.Qxd4 e6 6.Bc4 Nb6 7.Bb3 Nc6 8.Qe4 d5
9.Qe2 Qc7 10.f4 Bc5 11.Nf3 Bd7 12.Be3 Bxe3 13.Qxe3 Na5 14.Na3 Nac4 15.Bxc4 Nxc4
16.Nxc4 Qxc4 17.Kf2 b6 18.Rhd1 Rc8 19.Rd4 Qc5 20.Rad1 Bb5 21.f5 Qe7 22.Rg4 g6
23.f6 Qc5 24.Rdd4 h5 25.Rh4 a5 26.Ng5 Qf8 27.Qh3 Bd7 28.g4 Rc4 29.Rxc4 dxc4
30.Qe3 Qc5 31.Qxc5 bxc5 32.Ne4 Kf8 33.Nd6 a4 34.g5  1-0

[Event "EU-ch U18"]
[Site "Rimavska Sobota"]
[Date "1996.??.??"]
[Round "1"]
[White "Hagara, Eduard"]
[Black "Turzo, Attila"]
[Result "0-1"]
[WhiteElo "2180"]
[BlackElo "2315"]

1.e4 c5 2.c3 Nf6 3.e5 Nd5 4.d4 cxd4 5.Nf3 Nc6 6.cxd4 d6 7.Bc4 dxe5 8.Nxe5 e6
9.O-O Nb6 10.Bb5 Bd7 11.Nc3 Nxe5 12.dxe5 Bxb5 13.Nxb5 a6 14.Nc3 Qxd1 15.Rxd1 Bb4
16.Ne4 Nd5 17.Bg5 h6 18.Bh4 g5 19.Bg3 Be7 20.Rac1 O-O 21.Kf1 Rac8 22.Ke2 Rfd8
23.h3 Kg7 24.a3 Kg6 25.f3 Kf5 26.Bh2 h5 27.g4+ Kg6 28.Nf2 Bc5 29.Ne4 hxg4
30.Nxc5 gxf3+ 31.Kxf3 Rh8 32.Nxb7 Rb8 33.Rxd5 exd5 34.Rc6+ Kg7 35.Rc7 Rxh3+
36.Bg3 Kg6 37.Kg4 Rh7 38.Rc6+ Kg7 39.Rc7 Kg6 40.b4 f5+  0-1

[Event "EU-ch U18"]
[Site "Rimavska Sobota"]
[Date "1996.??.??"]
[Round "1"]
[White "Salmensuu, Olli"]
[Black "Willemze, Jeroen"]
[Result "1/2-1/2"]
[WhiteElo "2305"]
[BlackElo "2160"]

1.e4 c5 2.c3 Nf6 3.e5 Nd5 4.d4 cxd4 5.Nf3 Nc6 6.Bc4 Nb6 7.Bb3 g6 8.Ng5 d5
9.exd6 e6 10.Qf3 Ne5 11.Qg3 Bg7 12.O-O Nec4 13.Ne4 O-O 14.cxd4 f5 15.Nbd2 Nxd2
16.Nxd2 f4 17.Qh3 Qxd6 18.Ne4 Qe7 19.Nc5 Bxd4 20.Nxe6 Bxe6 21.Qxe6+ Qxe6
22.Bxe6+ Kg7 23.a4 Rae8 24.Bg4 Nc4 25.Bf3 Nxb2  1/2-1/2

[Event "EU-ch U16"]
[Site "Rimavska Sobota"]
[Date "1996.??.??"]
[Round "6"]
[White "Acs, Peter"]
[Black "Solak, Dragan"]
[Result "0-1"]
[WhiteElo "2410"]
[BlackElo "2435"]

1.e4 c5 2.c3 Nf6 3.e5 Nd5 4.d4 cxd4 5.Nf3 Nc6 6.Bc4 Nb6 7.Bb3 g6 8.Ng5 d5
9.exd6 e6 10.Qf3 Ne5 11.Qg3 Bxd6 12.O-O Nc6 13.Bf4 Bxf4 14.Qxf4 O-O 15.Nd2 Kg7
16.Nde4 e5 17.Qh4 h6 18.f4 f6 19.Rad1 Bf5 20.Ne6+ Bxe6 21.Bxe6 f5 22.Qxd8 Nxd8
23.Nc5 Na4 24.Nxa4 Nxe6 25.cxd4 exd4 26.b3 Rac8 27.Rd2 Rc6 28.Nb2 Rfc8 29.Nd3 Rc2
30.Rff2 Rxd2 31.Rxd2 Kf6 32.Kf2 g5 33.g3 h5 34.Kf3 Rc3 35.Kf2 a5 36.Ke2 gxf4
37.Nxf4 Nxf4+ 38.gxf4 Re3+ 39.Kf2 Re4 40.Kf3 Re3+ 41.Kf2 Re4 42.Kf3 Ke6 43.Rc2 Re3+
44.Kf2 Kd5 45.Rc7 Ke4 46.Rxb7 Rh3 47.Rb5 d3 48.Rxa5 Rxh2+  0-1

[Event "EU-ch U16"]
[Site "Rimavska Sobota"]
[Date "1996.??.??"]
[Round "7"]
[White "Jenni, Florian"]
[Black "Fedorchuk, Sergey A"]
[Result "0-1"]
[WhiteElo "2215"]
[BlackElo "2265"]

1.e4 c5 2.c3 Nf6 3.e5 Nd5 4.d4 cxd4 5.cxd4 g6 6.Bc4 Nb6 7.Bb3 Bg7 8.Nf3 d5
9.O-O Bg4 10.h3 Bxf3 11.Qxf3 Nc6 12.Rd1 O-O 13.Nc3 e6 14.Qg4 Qe7 15.Bg5 f6
16.exf6 Bxf6 17.Bh6 Bg7 18.Bxg7 Kxg7 19.f4 Qf6 20.Ne2 a5 21.Qg3 a4 22.Bc2 Nb4
23.Bd3 Rfc8 24.Qe3 Nc2 25.Bxc2 Rxc2 26.b3 axb3 27.Qxb3 Rxe2 28.Qxb6 Qxf4
29.Kh1 Ra3  0-1

[Event "EU-ch U18"]
[Site "Rimavska Sobota"]
[Date "1996.??.??"]
[Round "7"]
[White "Hagara, Eduard"]
[Black "Cvek, Robert"]
[Result "0-1"]
[WhiteElo "2180"]
[BlackElo "2290"]

1.e4 c5 2.c3 Nf6 3.e5 Nd5 4.d4 cxd4 5.Nf3 d6 6.exd6 e6 7.cxd4 Bxd6 8.Nc3 O-O
9.Bd3 Nf4 10.Bxf4 Bxf4 11.O-O Nd7 12.Qe2 Nf6 13.Rad1 b6 14.Be4 Nd5 15.Ne5 Bb7
16.Qf3 Bg5 17.Nxd5 Bxd5 18.Bxd5 Qxd5 19.Qh5 Bf6 20.Rd3 Bxe5 21.Qxe5 Rfd8
22.Rfd1 Rac8 23.Qxd5 Rxd5 24.Kf1 Kf8 25.Ke2 Ke7 26.Rc3 Rxc3 27.bxc3 Rg5 28.g3 Ra5
29.Rd2 Ra3 30.Rc2 b5 31.Kd2 Kd6 32.Kc1 a5 33.Kb2 b4 34.Rc1 g5 35.h3 h5 36.Rc2 Rxc3
37.Rxc3 bxc3+ 38.Kxc3 Kd5 39.Kd3 g4 40.hxg4 hxg4 41.a3 a4 42.Kc3 Ke4 43.Kb4 Kf3
44.Kxa4 Kxf2 45.Kb3 f5 46.a4 f4 47.a5 fxg3 48.a6 g2 49.a7 g1=Q 50.a8=Q Qd1+
51.Kc4 g3 52.Qh8 Qf3 53.Qh4 Ke2  0-1

[Event "EU-ch U18 Girls"]
[Site "Rimavska Sobota"]
[Date "1996.??.??"]
[Round "7"]
[White "Vajda, Szidonia"]
[Black "Kiss, Fernanda"]
[Result "1-0"]
[WhiteElo "2285"]
[BlackElo "2190"]

1.e4 c5 2.c3 Nf6 3.e5 Nd5 4.d4 cxd4 5.Nf3 e6 6.cxd4 d6 7.Nc3 Nxc3 8.bxc3 Qc7
9.Bd2 Nd7 10.exd6 Bxd6 11.Bd3 b6 12.O-O Bb7 13.h3 O-O 14.Re1 Bf4 15.Ng5 Nf6
16.Bxf4 Qxf4 17.Re5 Qh4 18.Nxh7 Rfd8 19.Nxf6+ Qxf6 20.Qh5 Rac8 21.Re3 g6
22.Qg4 Kg7 23.Be4 Bxe4 24.Qxe4 Rc7 25.a4 Rdc8 26.Ra3 Qe7 27.Rb3 Qd6 28.Rf3 Qd5
29.Qxd5 exd5 30.Kf1 Rc4 31.Ra3 a6 32.Re3 Kf8 33.Ke2 R8c6 34.Kd3 f6 35.g4 g5
36.Rf3 Kf7 37.Rf5 Ke6 38.f4 gxf4 39.Rxf4 b5 40.axb5 axb5 41.Rb3 b4 42.cxb4 Rc1
43.b5 Rd1+ 44.Ke2 Rcc1 45.b6 Rh1 46.Rff3 Rce1+ 47.Kd2 Rd1+ 48.Kc2 Rc1+ 49.Kb2 Rb1+
50.Ka3 Ra1+ 51.Kb4 Kd7 52.b7 Kc7 53.Rfc3+ Kxb7 54.Kc5+ Kc7 55.Kxd5+ Kd7 56.Rb7+ Kd8
57.Rf7 Ra6 58.Rc6 Rxc6 59.Kxc6 Rxh3 60.Kd6 Ke8 61.Rxf6 Rh4 62.Re6+ Kd8 63.Rg6 Ke8
64.Ke6 Kf8 65.d5 Rh1 66.d6 Re1+ 67.Kd7 Kf7 68.Rg5 Re2 69.Rf5+ Kg7 70.Kd8  1-0

[Event "EU-ch U16"]
[Site "Rimavska Sobota"]
[Date "1996.??.??"]
[Round "8"]
[White "Acs, Peter"]
[Black "Blehm, Pawel"]
[Result "1-0"]
[WhiteElo "2410"]
[BlackElo "2395"]

1.e4 c5 2.c3 Nf6 3.e5 Nd5 4.d4 cxd4 5.Nf3 Nc6 6.Bc4 Nb6 7.Bb3 g6 8.Ng5 d5
9.exd6 e6 10.Qf3 Ne5 11.Qg3 Bg7 12.O-O O-O 13.Qh3 h5 14.Ne4 Nec4 15.cxd4 Nxd6
16.Bg5 f6 17.Nxd6 Qxd6 18.Be3 f5 19.Nc3 Kh8 20.Qf3 f4 21.Ne4 Qd8 22.Bd2 e5
23.Bb4 Bg4 24.Qd3 exd4 25.Bxf8 Bxf8 26.Qd2 f3 27.Qf4 fxg2 28.Rfc1 Bg7 29.Rc7 Nd7
30.Rac1 d3 31.Nd6 Ne5 32.Nf7+ Nxf7 33.Qxf7 Qf6 34.Rc8+ Rxc8 35.Rxc8+ Kh7
36.Rh8+  1-0

[Event "EU-ch U18"]
[Site "Rimavska Sobota"]
[Date "1996.??.??"]
[Round "9"]
[White "Jovanic, Ognjen"]
[Black "Van den Doel, Erik"]
[Result "1/2-1/2"]
[WhiteElo "2315"]
[BlackElo "2440"]

1.e4 c5 2.c3 Nf6 3.e5 Nd5 4.d4 cxd4 5.Nf3 Nc6 6.cxd4 d6 7.Nc3 dxe5 8.dxe5 Ndb4
9.a3 Qxd1+ 10.Kxd1 Na6 11.Bb5 Bg4 12.Ke2 O-O-O 13.Bxc6 bxc6 14.Be3 g6 15.Ne4 Bg7
16.Ng5 Rd5 17.Rad1 f6 18.exf6 Bxf6 19.Rxd5 cxd5 20.h3 Bxf3+ 21.Nxf3 Bxb2
22.Rb1 Bf6 23.Bxa7 Kd7 24.Rb7+ Nc7 25.Bd4 Ra8 26.Bxf6 exf6 27.Nd4 Kc8 28.Rb6 Ra4
29.Nc2 f5 30.Rf6 Re4+ 31.Kd3 Ne6 32.g3 Kd8 33.f3 Ke7 34.Rxg6 Nc5+ 35.Kd2 Nb3+
36.Kd1 hxg6 37.fxe4 fxe4 38.h4 Ke6 39.g4 d4 40.a4 d3 41.Nb4 Ke5 42.h5 g5
43.h6 Kf6 44.Nd5+ Kg6 45.h7 Kg7 46.Ke1 Na5 47.Kf2 Nc4 48.Ne3 d2 49.Nd1 Kxh7
50.Ke2 Kg6 51.Nc3 e3 52.Nd1 Kf6 53.a5 Nxa5 54.Nxe3 Nb3 55.Nc4 Ke6 56.Nxd2 Nxd2
57.Kxd2 Kd6 58.Ke2  1/2-1/2

[Event "Sabadell"]
[Site "Sabadell"]
[Date "1996.??.??"]
[Round "4"]
[White "Ferron Garcia, Carlos"]
[Black "Gual Pascual, Antonio"]
[Result "0-1"]
[WhiteElo "2240"]
[BlackElo "2390"]

1.e4 c5 2.c3 Nf6 3.e5 Nd5 4.d4 cxd4 5.Nf3 Nc6 6.cxd4 d6 7.Nc3 dxe5 8.dxe5 Ndb4
9.a3 Qxd1+ 10.Kxd1 Na6 11.Bxa6 bxa6 12.Nd5 Rb8 13.Re1 e6 14.Nc3 Be7 15.Kc2 O-O
16.Be3 f6 17.Rad1 fxe5 18.Ne4 Bb7 19.Bc5 Nd4+ 20.Rxd4 Bxc5 21.Rd2 Rfc8 22.Nxc5 Rxc5+
23.Kb1 e4 24.Nd4 Bd5 25.Ree2 Rbc8 26.Re1 a5 27.Nc2 a4 28.Nb4 e3 29.fxe3 Be4+
30.Nd3 Rd8 31.Red1 h5 32.g3 a5 33.h4 Kh7 34.b4 axb3 35.Kb2 Rcd5 36.Kc3 Bxd3  0-1

[Event "Sakthi"]
[Site "Sakthi"]
[Date "1996.??.??"]
[Round "1"]
[White "Koshy, Varugeese"]
[Black "Ramesh, RB."]
[Result "1/2-1/2"]
[WhiteElo "2410"]
[BlackElo "2415"]

1.e4 c5 2.c3 Nf6 3.d3 d5 4.Nd2 Nc6 5.Ngf3 e6 6.g3 Be7 7.Bg2 dxe4 8.dxe4 Qd3
9.Bf1 Qd8 10.Bg2 Qd3  1/2-1/2

[Event "Salongernas IM"]
[Site "Salongernas"]
[Date "1996.??.??"]
[Round "?"]
[White "Ochsner, Thomas"]
[Black "Hedman, Erik"]
[Result "0-1"]
[WhiteElo "2300"]
[BlackElo "2355"]

1.e4 c5 2.c3 Nf6 3.e5 Nd5 4.d4 cxd4 5.Nf3 Nc6 6.Bc4 Nb6 7.Bb3 g6 8.cxd4 Bg7
9.Bf4 d6 10.O-O O-O 11.h3 Bf5 12.Nc3 dxe5 13.dxe5 Na5 14.Bc2 Qxd1 15.Bxd1 Rfd8
16.Re1 Rac8 17.Ne2 Nbc4 18.b3 Nb2 19.Bg3 Nd3 20.Rf1 Nc6 21.a3 Ndxe5 22.Nxe5 Nxe5
23.Rc1 Nd3 24.Rxc8 Rxc8 25.Nf4 Be5 26.Nd5 Kf8 27.Bxe5 Nxe5 28.f4 Be6 29.Ne3 Rc3
30.Kf2 Nd3+ 31.Ke2 Nc5 32.Bc2 Nxb3 33.Rd1 Na5 34.f5 gxf5 35.Bxf5 Nc4  0-1

[Event "Savonlinna op"]
[Site "Savonlinna"]
[Date "1996.??.??"]
[Round "?"]
[White "Kiik, Kalle"]
[Black "Porrasmaa, Timo"]
[Result "1-0"]
[WhiteElo "2385"]
[BlackElo "2140"]

1.e4 c5 2.c3 Nf6 3.e5 Nd5 4.d4 cxd4 5.Nf3 e6 6.cxd4 b6 7.Nc3 Nxc3 8.bxc3 Qc7
9.Bd2 Bb7 10.a4 d6 11.Bb5+ Nd7 12.a5 bxa5 13.c4 Bc6 14.Bxa5 Qb7 15.Bxc6 Qxc6
16.O-O dxe5 17.d5 exd5 18.cxd5 Qd6 19.Rc1 Be7 20.Bc7 Qa3 21.Nxe5 Nxe5 22.Bxe5 O-O
23.d6 Rfd8 24.Qg4 Bf8 25.Rfd1 a5 26.h4 Qb3 27.d7 h5 28.Qd4 Be7 29.Bc7 Rf8
30.Rc3 Qb4 31.Rc4 Qb3 32.Be5 f6 33.Qd5+ Kh8 34.Bg3 a4 35.Qxh5+ Kg8 36.Re4 Bb4
37.Re8 Ba5 38.Bd6 a3 39.Bxf8 Qf7  1-0

[Event "Schwaebisch Gmund op"]
[Site "Schwaebisch Gmund"]
[Date "1996.??.??"]
[Round "3"]
[White "Ristic, Nenad"]
[Black "Hillenbrand, Alexander"]
[Result "1-0"]
[WhiteElo "2415"]
[BlackElo "2260"]

1.e4 c5 2.c3 Nf6 3.e5 Nd5 4.d4 cxd4 5.Nf3 Nc6 6.Bc4 e6 7.cxd4 d6 8.O-O dxe5
9.dxe5 Be7 10.Qe2 Qc7 11.Re1 Bd7 12.Nc3 Nxc3 13.bxc3 Na5 14.Bd3 Bc6 15.Ng5 g6
16.Bf4 Bd5 17.Bb5+ Kf8 18.Rac1 Bc4 19.Bxc4 Nxc4 20.Qf3 Kg7 21.Be3 Raf8 22.Rb1 b6
23.Qxf7+ Rxf7 24.Nxe6+ Kg8 25.Nxc7 Nxe5 26.Bd4 Bc5 27.Bxe5 Bxf2+ 28.Kh1 Bxe1
29.Rxe1 Re7 30.Nd5 Re6 31.Re3  1-0

[Event "SLO-chT sf"]
[Site "SLO"]
[Date "1996.??.??"]
[Round "4"]
[White "Vavpetic, Vide"]
[Black "Soln, Primoz"]
[Result "1-0"]
[WhiteElo "2260"]
[BlackElo "2330"]

1.e4 c5 2.c3 Nf6 3.e5 Nd5 4.d4 cxd4 5.Qxd4 e6 6.Bc4 Nc6 7.Qe4 f5 8.Qe2 Nb6
9.Bb3 Qc7 10.Nf3 Be7 11.O-O O-O 12.Re1 Na5 13.Bc2 Nd5 14.b4 Nc6 15.Bb3 Nb6
16.a4 a5 17.b5 Nd8 18.Ba3 Bxa3 19.Rxa3 Rb8 20.Ra2 Na8 21.Rd2 b6 22.Red1 Nb7
23.Rd4 Nc5 24.Bc2 Bb7 25.Nbd2 Bd5 26.Ng5 Qd8 27.Qh5 h6 28.Nh3 Qe8 29.Qh4 Nc7
30.g4 Qg6 31.Kf1 Ba8 32.c4 Ne8 33.g5 d6 34.f4 dxe5 35.fxe5 Nc7 36.Ke2 Rbd8
37.Rxd8 Rxd8 38.Rg1 h5 39.Nf4 Qf7 40.Nxh5 g6 41.Nf6+ Kf8 42.Rg3 Ke7 43.Qh6 Rd4
44.Rh3 Bg2 45.Rh4 Rd8 46.Qh7 Rf8 47.Qxf7+ Rxf7 48.Rh6 Rg7 49.Rh8 Bb7 50.Rb8 Rf7
51.Nb3 Bg2 52.Nxc5 bxc5 53.b6 Na6 54.Re8+  1-0

[Event "Sochi"]
[Site "Sochi"]
[Date "1996.??.??"]
[Round "?"]
[White "Maiorov, Oleg"]
[Black "Saltaev, Mihail"]
[Result "1/2-1/2"]
[WhiteElo "2420"]
[BlackElo "2530"]

1.e4 c5 2.c3 Nf6 3.e5 Nd5 4.d4 cxd4 5.Nf3 e6 6.cxd4 d6 7.a3 Nd7 8.Bd3 dxe5
9.dxe5 Nc5 10.Bc2 a5 11.O-O Bd7 12.Nd4 Be7 13.Nd2 O-O  1/2-1/2

[Event "Petrov mem"]
[Site "St Petersburg"]
[Date "1996.??.??"]
[Round "2"]
[White "Yagupov, Igor"]
[Black "Filippov, Valerij"]
[Result "1-0"]
[WhiteElo "2450"]
[BlackElo "2530"]

1.e4 c5 2.c3 Nf6 3.e5 Nd5 4.d4 cxd4 5.Nf3 Nc6 6.cxd4 d6 7.Bc4 Nb6 8.Bb3 dxe5
9.d5 Na5 10.Nc3 Nxb3 11.Qxb3 g6 12.Nxe5 Bg7 13.Bf4 O-O 14.Rd1 Bf5 15.O-O Rc8
16.Rfe1 Rc5 17.Qa3 Qc8 18.Qxa7 Nc4 19.Nxc4 Rxc4 20.Be5 Bh6 21.d6 Bg5 22.dxe7 Bxe7
23.Nd5 Bh4 24.Qe3 Qc5 25.g3 Rd8 26.Qh6 Qf8 27.Qxf8+ Kxf8 28.gxh4  1-0

[Event "RUS-Cup1 Chigorin mem"]
[Site "St Petersburg"]
[Date "1996.??.??"]
[Round "3"]
[White "Romanovich, Leonid"]
[Black "Timoshenko, Georgy"]
[Result "1/2-1/2"]
[WhiteElo "2320"]
[BlackElo "2510"]

1.e4 c5 2.c3 Nf6 3.e5 Nd5 4.d4 cxd4 5.Qxd4 e6 6.Nf3 Nc6 7.Qe4 Qc7 8.Bc4 Nde7
9.Bf4 Ng6 10.Bg3 a6 11.Nbd2 d5 12.exd6 Bxd6 13.Qe3 O-O 14.Ne4 Bf4 15.Qe2 b5
16.Bb3 Na5 17.Bc2 Bb7 18.O-O h6 19.Ned2 Ne7 20.a4 Bxg3 21.hxg3 Nc4 22.axb5 axb5
23.Nxc4 bxc4 24.Ne5 Bd5 25.Be4 Rab8 26.Bxd5 exd5 27.Rfe1 Nc6 28.Rad1 Nxe5
29.Qxe5 Qxe5 30.Rxe5 Rxb2 31.Rexd5 Rc2 32.Rc5 Rxc3 33.Rd4 Rc1+ 34.Kh2 c3
35.Rdc4 Rc2 36.f3 Rd8 37.Rxc3 Rxc3 38.Rxc3 h5 39.Rc4 f6  1/2-1/2

[Event "Rudenko mem"]
[Site "St Petersburg"]
[Date "1996.??.??"]
[Round "4"]
[White "Tsepeleva, T."]
[Black "Strutinskaya, Galina N"]
[Result "1-0"]
[WhiteElo "2145"]
[BlackElo "2335"]

1.e4 c5 2.c3 Nf6 3.e5 Nd5 4.d4 cxd4 5.Nf3 d6 6.Bc4 e6 7.O-O Nc6 8.Bxd5 exd5
9.exd6 Bxd6 10.Re1+ Be7 11.Nxd4 O-O 12.Be3 Ne5 13.Bg5 Bxg5 14.Rxe5 Bf6 15.Re1 Qb6
16.Qd2 Bd7 17.Na3 Rfe8 18.Nb3 Be6 19.Nc2 a5 20.Ne3 Rad8 21.Nxd5 Bxd5 22.Qxd5 a4
23.Qd7 Qc6 24.Qxc6 bxc6 25.Nd4 Rxe1+ 26.Rxe1 Bxd4 27.cxd4 Kf8 28.Rd1 c5 29.Kf1 cxd4
30.Ke2 Ke7 31.Kd3 Ke6 32.Re1+ Kd5 33.Re4 Kc5 34.Re5+ Kc6 35.b4 axb3 36.axb3 Rb8
37.Kc4 Rd8 38.Re2 Rd5 39.b4 h5 40.Rd2 Rf5 41.f3 Re5 42.Kxd4 Re1 43.Kc4 Rc1+
44.Kb3 Rb1+ 45.Rb2 Rg1 46.Rc2+ Kb5 47.Rc5+ Kb6 48.Rg5 g6 49.Kc4 Rd1 50.f4 Rf1
51.g3 h4 52.Rb5+ Kc6 53.Rc5+ Kb6 54.Rd5 Rf2 55.Rd6+ Kc7 56.Rf6 Rxh2 57.Rxf7+ Kc8
58.gxh4 Rxh4 59.Kc5 Rh1 60.b5 Rf1 61.Kc6 Rc1+ 62.Kb6 Rf1 63.Rc7+ Kb8 64.Rg7 Kc8
65.Kc6 Rc1+ 66.Kd6 Rd1+ 67.Ke6 Rb1 68.Rxg6 Rxb5 69.f5 Rb6+ 70.Ke7 Rb7+ 71.Ke8 Rb5
72.f6 Re5+ 73.Kf8 Kd7 74.f7 Rf5 75.Rg1  1-0

[Event "Rudenko mem"]
[Site "St Petersburg"]
[Date "1996.??.??"]
[Round "5"]
[White "Ruchieva, Natalia"]
[Black "Tkacheva, Lyuba"]
[Result "1-0"]
[WhiteElo "2255"]
[BlackElo "2065"]

1.e4 c5 2.c3 Nf6 3.e5 Nd5 4.d4 e6 5.Nf3 cxd4 6.cxd4 d6 7.Nc3 dxe5 8.Nxe5 Bb4
9.Bd2 O-O 10.Bd3 Nd7 11.O-O Bd6 12.Re1 N7f6 13.Bg5 Nb4 14.Bb1 h6 15.Bxf6 Qxf6
16.a3 Nd5 17.Qd3 g6 18.Ne4 Qe7 19.Nxd6 Qxd6 20.Nxg6 Rd8 21.Ne5 Nf6 22.Qg3+ Kf8
23.Bc2 Bd7 24.Ng6+  1-0

[Event "St Petersburg-ch"]
[Site "St Petersburg"]
[Date "1996.??.??"]
[Round "7"]
[White "Sivokho, Sergey"]
[Black "Ionov, Sergey"]
[Result "1/2-1/2"]
[WhiteElo "2410"]
[BlackElo "2490"]

1.e4 c5 2.c3 Nf6 3.e5 Nd5 4.d4 cxd4 5.Nf3 Nc6 6.Bc4 Nb6 7.Bb3 d5 8.exd6 Qxd6
9.O-O Be6 10.Na3 dxc3 11.Qe2 Bxb3 12.Nb5 Qb8 13.axb3 e5 14.bxc3 Be7 15.Bg5 f6
16.Be3 Nd5 17.Nh4 a6 18.Qh5+ Kf8 19.Ng6+ hxg6 20.Qxh8+ Kf7 21.Qxb8 Rxb8 22.Na3 Nxc3
23.Rfe1 Rd8 24.Nc2 Rd3 25.Kf1 g5 26.Rec1 Nd5 27.Rab1 Ke6 28.Ke2 e4 29.Bd2 f5
30.b4 Nc3+ 31.Bxc3 Rxc3 32.Kd2 Rd3+ 33.Ke2 Rc3 34.Kd2 Rd3+ 35.Ke2  1/2-1/2

[Event "Rudenko mem"]
[Site "St Petersburg"]
[Date "1996.??.??"]
[Round "8"]
[White "Tsepeleva, T."]
[Black "Umanskaya, Irina"]
[Result "1-0"]
[WhiteElo "2145"]
[BlackElo "2320"]

1.e4 c5 2.c3 Nf6 3.e5 Nd5 4.d4 cxd4 5.Nf3 d6 6.Bc4 e6 7.cxd4 Nc6 8.Qe2 Be7
9.O-O Nb6 10.Bb3 O-O 11.Nc3 dxe5 12.dxe5 Nd7 13.Bc2 Qa5 14.Re1 Re8 15.Qe4 g6
16.Bh6 Nb4 17.Bb1 Nc5 18.Qe3 Qa6 19.Ng5 Nbd3 20.b4 Nxe1 21.bxc5 Qc4 22.Nce4 Qd5
23.Qxe1 Qxe5 24.Bd3 f6 25.Nf3 Qh5 26.Bf4 e5 27.Bc4+ Kg7 28.Nxe5 Qf5 29.Nd3 Bd7
30.Ng3 Qg4 31.h3 Qh4 32.Qd2 g5 33.Ne1 gxf4 34.Nf3 Qh6 35.Qxd7 fxg3 36.Re1 gxf2+
37.Kxf2 Kf8 38.Nd4 Qd2+ 39.Re2 Qc3 40.Rc2 Qa1 41.Qg4  1-0

[Event "RUS-Cup1 Chigorin mem"]
[Site "St Petersburg"]
[Date "1996.??.??"]
[Round "8"]
[White "Shovunov, V."]
[Black "Filippov, Valerij"]
[Result "0-1"]
[WhiteElo "2320"]
[BlackElo "2565"]

1.e4 c5 2.c3 Nf6 3.e5 Nd5 4.d4 cxd4 5.Qxd4 e6 6.Nf3 Nc6 7.Qe4 f5 8.Qe2 d6
9.g3 dxe5 10.Nxe5 Nxe5 11.Qxe5 Nf6 12.Bb5+ Kf7 13.Bc4 Qd6 14.Qe2 b6 15.Bf4 Qc6
16.f3 Bb7 17.Nd2 Nd5 18.O-O-O Be7 19.Rhe1 Rhd8 20.Be5 a6 21.Nb3 Rac8 22.Bxd5 Rxd5
23.Nd4 Qc4 24.Qxc4 Rxc4 25.f4 b5 26.Nc2 g5 27.Bd4 Rc8 28.fxg5 Bxg5+ 29.Be3 Bf6
30.Nb4 Rdd8 31.Bb6 Rxd1+ 32.Rxd1 Ke7 33.Nd3 Bd5 34.Nb4 Be4 35.Be3 a5 36.Nd3 b4
37.Nf2 Bf3 38.Rd3 bxc3 39.b3 Be2  0-1

[Event "St Petersburg-ch"]
[Site "St Petersburg"]
[Date "1996.??.??"]
[Round "9"]
[White "Sivokho, Sergey"]
[Black "Svidler, Peter"]
[Result "1/2-1/2"]
[WhiteElo "2410"]
[BlackElo "2650"]

1.e4 c5 2.c3 Nf6 3.e5 Nd5 4.g3 Nc6 5.Bg2 Qc7 6.f4 e6 7.Qe2 Be7 8.Nf3 O-O
9.O-O d6 10.exd6 Bxd6 11.d3 b6 12.Na3 a6 13.Nc4 Be7 14.Bd2 Bb7 15.Rae1 Rad8
16.Bc1 Rfe8 17.Ng5 b5 18.Nxf7 Kxf7 19.Qxe6+ Kf8 20.Bxd5 Rxd5 21.Qxd5 bxc4
22.Qxc4 Na5 23.Qe6 Qc6 24.Qxc6 Nxc6 25.Re3 Rd8 26.Rd1 h5 27.h3 Bc8 28.Kg2 Bf5
29.Kh2 Bf6 30.Rf3 Be4 31.Re3 Bd5 32.a3 Kf7 33.g4 Be6 34.Rde1 Bc8 35.f5 Rh8
36.Kg1 hxg4 37.hxg4 Rh4 38.Re4 g5 39.fxg6+ Kxg6 40.g5 Rxe4 41.Rxe4 Be7 42.Be3 Bf5
43.Rh4 Bxg5 44.Bxg5 Kxg5 45.Rc4 Ne5 46.Rxc5 Nxd3 47.Ra5 Nxb2 48.Rxa6 Bc2
49.Kf2 Kf4 50.Rd6 Be4 51.Rd4 Ke5 52.a4 Bc6 53.a5 Na4 54.a6 Nxc3 55.Rc4 Ne4+
56.Ke3 Kd6 57.a7 Nc5 58.Rb4 Nd7 59.Rb8  1/2-1/2